书目信息 |
| 题名: |
美化你的生活
|
|
| 作者: | ;湖南科学技术出版社 编 | |
| 分册: | ||
| 出版信息: | 长沙 湖南科学技术出版社 1982 |
|
| 页数: | 453页 | |
| 开本: | 19cm | |
| 丛书名: | ||
| 单 册: | ||
| 中图分类: | B834.3 | |
| 科图分类: | ||
| 主题词: | 社会生活美 | |
| 电子资源: | ||
| ISBN: | ||
| 000 | 00633nam0 2200229 45 | |
| 001 | 0182006025 | |
| 005 | 20060811094220.70 | |
| 010 | @dCNY1.25 | |
| 091 | @aCN@b17024.33 | |
| 100 | @a19950630d1982 em y0chiy0121 ea | |
| 101 | 0 | @achi |
| 102 | @aCN@b430000 | |
| 105 | @ay z 000yy | |
| 200 | 10 | @a美化你的生活@Amei hua ni de sheng huo@f湖南科学技术出版社编 |
| 210 | @a长沙@c湖南科学技术出版社@d1982 | |
| 215 | @a453页@d19cm | |
| 606 | @a社会生活美 | |
| 690 | @aB834.3@v3 | |
| 711 | 02 | @a湖南科学技术出版社@Ahu nan ke xue ji shu chu ban she@4编 |
| 801 | 2 | @aCN@bNLC@c20060811 |
| 801 | 0 | @aCN@bTSSF |
| 905 | @a10447@dB834.3@e205 | |
| 美化你的生活/湖南科学技术出版社编.-长沙:湖南科学技术出版社,1982 |
| 453页;19cm |
| ISBN :CNY1.25 |
| ● |
| 相关链接 |
|
|
|
|
正题名:美化你的生活
索取号:B834.3/205
 
预约/预借
| 序号 | 登录号 | 条形码 | 馆藏地/架位号 | 状态 | 备注 |
| 1 | 0448653 | 204486537 | 密集书库/ [索取号:B834.3/205] | 在馆 |